000
00268nam a22001217a 4500
003
SGT
082
_a
8170490820
_b
I97S
100
_a
SHARMA, B.N.
245
_a
INDIA BETRAYED: THE ROLE OF NEHRU
260
_b
MANAS PUBLICATIONS
_c
1997
300
_a
421
942
_2
ddc
_c
BK
999
_c
29283
_d
29283